PRS-massive opportunities (Record no. 70305)

MARC details
000 -LEADER
fixed length control field 00983cam a2200229 4500
001 - CONTROL NUMBER
control field X118066
008 - FIXED-LENGTH DATA ELEMENTS--GENERAL INFORMATION
fixed length control field 020521n2002 000 0 eng u
035 ## - SYSTEM CONTROL NUMBER
System control number (Sirsi) u118066
100 ## - MAIN ENTRY--PERSONAL NAME
Personal name Medhurst, N
245 ## - TITLE STATEMENT
Title PRS-massive opportunities
260 ## - PUBLICATION, DISTRIBUTION, ETC.
Date of publication, distribution, etc. 2002
490 ## - SERIES STATEMENT
Series statement Property Forecast
Volume/sequential designation 5(5) May 2002, 8-9(2)
520 ## - SUMMARY, ETC.
Summary, etc. Assesses the private rented sector (PRS) market in the light of a potential demand of nearly 70 000 rental housing units per year into the foreseeable future. Analyses the demographics of demand for a new generation of rented homes, flagging up the single person household and active and elderly retirement markets with a geographic bias towards London,southeast and southern England.
650 ## - SUBJECT ADDED ENTRY--TOPICAL TERM
Topical term or geographic name entry element RESIDENTIAL RENTAL MARKET
650 ## - SUBJECT ADDED ENTRY--TOPICAL TERM
Topical term or geographic name entry element PRIVATE RENTED SECTOR
650 ## - SUBJECT ADDED ENTRY--TOPICAL TERM
Topical term or geographic name entry element PRS
650 ## - SUBJECT ADDED ENTRY--TOPICAL TERM
Topical term or geographic name entry element RESIDENTIAL MARKET
650 ## - SUBJECT ADDED ENTRY--TOPICAL TERM
Topical term or geographic name entry element SINGLE PERSON HOUSEHOLDS
650 ## - SUBJECT ADDED ENTRY--TOPICAL TERM
Topical term or geographic name entry element RETIREMENT MARKET
690 ## - LOCAL SUBJECT ADDED ENTRY--TOPICAL TERM (OCLC, RLIN)
Topical term or geographic name as entry element HOUSING-PRIVATE RENTED SECTOR
942 ## - ADDED ENTRY ELEMENTS (KOHA)
Suppress in OPAC 0
Holdings
Withdrawn status Lost status Source of classification or shelving scheme Damaged status Not for loan Home library Current library Shelving location Date acquired Total Checkouts Full call number Barcode Date last seen Copy number Price effective from Koha item type
    Dewey Decimal Classification     London London Journal article 21/05/2002   X118066 118066-1001 06/08/2019 1 06/08/2019 Journal article